<?xml version="1.0" encoding="UTF-8"?>
<record
    xmlns:xsi="http://www.w3.org/2001/XMLSchema-instance"
    xsi:schemaLocation="http://www.loc.gov/MARC21/slim http://www.loc.gov/standards/marcxml/schema/MARC21slim.xsd"
    xmlns="http://www.loc.gov/MARC21/slim">

  <leader>00404nam a2200145Ia 4500</leader>
  <controlfield tag="008">211226b1999    xxu||||| |||| 00| 0 eng d</controlfield>
  <datafield tag="041" ind1=" " ind2=" ">
    <subfield code="a">1</subfield>
  </datafield>
  <datafield tag="082" ind1=" " ind2=" ">
    <subfield code="a">623.092 ABD</subfield>
  </datafield>
  <datafield tag="100" ind1=" " ind2=" ">
    <subfield code="a">Abdul, Kalam A P J with Tiwari Arun</subfield>
  </datafield>
  <datafield tag="245" ind1=" " ind2=" ">
    <subfield code="a">Wings of Fire: An Autobiography</subfield>
  </datafield>
  <datafield tag="260" ind1=" " ind2=" ">
    <subfield code="a">Hyderabad</subfield>
    <subfield code="b">Universities Press</subfield>
    <subfield code="c">1999</subfield>
  </datafield>
  <datafield tag="300" ind1=" " ind2=" ">
    <subfield code="a">xvi, 180</subfield>
  </datafield>
  <datafield tag="906" ind1=" " ind2=" ">
    <subfield code="a">58584</subfield>
  </datafield>
  <datafield tag="907" ind1=" " ind2=" ">
    <subfield code="a">College of Journalism &amp; Mass Commn.'</subfield>
  </datafield>
  <datafield tag="952" ind1=" " ind2=" ">
    <subfield code="0">0</subfield>
    <subfield code="1">0</subfield>
    <subfield code="2">ddc</subfield>
    <subfield code="4">0</subfield>
    <subfield code="7">0</subfield>
    <subfield code="a">CJM</subfield>
    <subfield code="b">CJM</subfield>
    <subfield code="d">2017-01-19</subfield>
    <subfield code="e">Sapna Book House (p). Ltd.</subfield>
    <subfield code="g">275.00</subfield>
    <subfield code="l">0</subfield>
    <subfield code="o">623.092 ABD </subfield>
    <subfield code="p">JM189</subfield>
    <subfield code="r">2022-12-11</subfield>
    <subfield code="w">2022-12-11</subfield>
    <subfield code="y">CR</subfield>
    <subfield code="z">Rack No. C12 Shelf No. 12</subfield>
  </datafield>
  <datafield tag="952" ind1=" " ind2=" ">
    <subfield code="0">0</subfield>
    <subfield code="1">0</subfield>
    <subfield code="2">ddc</subfield>
    <subfield code="4">0</subfield>
    <subfield code="7">0</subfield>
    <subfield code="a">CJM</subfield>
    <subfield code="b">CJM</subfield>
    <subfield code="d">2017-01-19</subfield>
    <subfield code="e">Sapna Book House (p). Ltd.</subfield>
    <subfield code="g">275.00</subfield>
    <subfield code="l">0</subfield>
    <subfield code="o">623.092 ABD </subfield>
    <subfield code="p">JM190</subfield>
    <subfield code="r">2022-12-11</subfield>
    <subfield code="w">2022-12-11</subfield>
    <subfield code="y">CR</subfield>
    <subfield code="z">Rack No. C12 Shelf No. 12</subfield>
  </datafield>
  <datafield tag="952" ind1=" " ind2=" ">
    <subfield code="0">0</subfield>
    <subfield code="1">0</subfield>
    <subfield code="2">ddc</subfield>
    <subfield code="4">0</subfield>
    <subfield code="7">0</subfield>
    <subfield code="a">CJM</subfield>
    <subfield code="b">CJM</subfield>
    <subfield code="d">2017-01-19</subfield>
    <subfield code="e">Sapna Book House (p). Ltd.</subfield>
    <subfield code="g">275.00</subfield>
    <subfield code="l">0</subfield>
    <subfield code="o">623.092 ABD </subfield>
    <subfield code="p">JM191</subfield>
    <subfield code="r">2022-12-11</subfield>
    <subfield code="w">2022-12-11</subfield>
    <subfield code="y">CR</subfield>
    <subfield code="z">Rack No. C12 Shelf No. 12</subfield>
  </datafield>
  <datafield tag="952" ind1=" " ind2=" ">
    <subfield code="0">0</subfield>
    <subfield code="1">0</subfield>
    <subfield code="2">ddc</subfield>
    <subfield code="4">0</subfield>
    <subfield code="7">0</subfield>
    <subfield code="a">CJM</subfield>
    <subfield code="b">CJM</subfield>
    <subfield code="d">2017-01-19</subfield>
    <subfield code="e">Sapna Book House (p). Ltd.</subfield>
    <subfield code="g">275.00</subfield>
    <subfield code="l">0</subfield>
    <subfield code="o">623.092 ABD </subfield>
    <subfield code="p">JM192</subfield>
    <subfield code="r">2022-12-11</subfield>
    <subfield code="w">2022-12-11</subfield>
    <subfield code="y">CR</subfield>
    <subfield code="z">Rack No. C12 Shelf No. 12</subfield>
  </datafield>
  <datafield tag="952" ind1=" " ind2=" ">
    <subfield code="0">0</subfield>
    <subfield code="1">0</subfield>
    <subfield code="2">ddc</subfield>
    <subfield code="4">0</subfield>
    <subfield code="7">0</subfield>
    <subfield code="a">CJM</subfield>
    <subfield code="b">CJM</subfield>
    <subfield code="d">2017-01-19</subfield>
    <subfield code="e">Sapna Book House (p). Ltd.</subfield>
    <subfield code="g">275.00</subfield>
    <subfield code="l">0</subfield>
    <subfield code="o">623.092 ABD </subfield>
    <subfield code="p">JM193</subfield>
    <subfield code="r">2022-12-11</subfield>
    <subfield code="w">2022-12-11</subfield>
    <subfield code="y">CR</subfield>
    <subfield code="z">Rack No. C12 Shelf No. 12</subfield>
  </datafield>
  <datafield tag="952" ind1=" " ind2=" ">
    <subfield code="0">0</subfield>
    <subfield code="1">0</subfield>
    <subfield code="2">ddc</subfield>
    <subfield code="4">0</subfield>
    <subfield code="7">0</subfield>
    <subfield code="a">CJM</subfield>
    <subfield code="b">CJM</subfield>
    <subfield code="c">7</subfield>
    <subfield code="d">2026-02-12</subfield>
    <subfield code="e">Campus Book House </subfield>
    <subfield code="g">495.00</subfield>
    <subfield code="l">0</subfield>
    <subfield code="o">623.092 ABD</subfield>
    <subfield code="p">JM759</subfield>
    <subfield code="r">2026-02-12</subfield>
    <subfield code="w">2026-02-12</subfield>
    <subfield code="y">R</subfield>
    <subfield code="z">Rack No. C13 Shelf No. 22</subfield>
  </datafield>
  <datafield tag="999" ind1=" " ind2=" ">
    <subfield code="c">3964</subfield>
    <subfield code="d">3964</subfield>
  </datafield>
</record>
